Jack Frusciante è uscito dal gruppo /
Сохранить в:
| Другие авторы: | , , , , , |
|---|---|
| Формат: | |
| Язык: | итальянский |
| Опубликовано: |
Cologno Monzese :
Medusa video [distributore],
[1997?]
|
| Серии: | Pepite
|
| Метки: |
Нет меток, Требуется 1-ая метка записи!
|
MARC
| LEADER | 00000ngm a22000007i 4500 | ||
|---|---|---|---|
| 001 | IT\ICCU\RAV\0683786 | ||
| 003 | ItRI | ||
| 005 | 20260124182921.0 | ||
| 008 | 000805s1997 it |||||||||||||||k|||||c | ||
| 028 | 4 | 2 | |a 1050301 |
| 028 | 4 | 2 | |a 1050302 |
| 040 | |b ita | ||
| 041 | 7 | |a ita |2 ISO-639-2 | |
| 130 | 0 | |a Jack Frusciante è uscito dal gruppo <film ; 1996> |3 IT\ICCU\MOD\0913897 | |
| 245 | 0 | 0 | |a Jack Frusciante è uscito dal gruppo / |c regia di Enza Negroni ; tratto dall'omonimo romanzo di Enrico Brizzi ; sceneggiatura di Enrico Brizzi e Enza Negroni ; musiche di Umberto Palazzo. |
| 260 | |a Cologno Monzese : |b Medusa video [distributore], |c [1997?] | ||
| 300 | |a 1 videocassetta (VHS) (98 min.) : |b color., son | ||
| 500 | |a Tit. del contenitore | ||
| 500 | |a Film del 1996, Italia; interpreti: Stefano Accorsi, Violante Placido. | ||
| 700 | 1 | |a Brizzi, Enrico |0 IT\ICCU\RAVV\088283 | |
| 700 | 1 | |a Accorsi, Stefano |0 IT\ICCU\RAVV\222111 | |
| 700 | 1 | |a Negroni, Enza |0 IT\ICCU\RAVV\228073 | |
| 700 | 1 | |a Placido, Violante |0 IT\ICCU\RAVV\228074 | |
| 700 | 1 | |a Palazzo, Umberto |0 IT\ICCU\UBOV\480366 | |
| 700 | 1 | |a Basili, Giancarlo |0 IT\ICCU\UMCV\045068 | |
| 830 | 0 | |a Pepite |0 IT\ICCU\TSA\0044779 | |
| 942 | |2 ddc |c VM |n 0 | ||
| 952 | |0 0 |1 0 |4 0 |6 VO_2073_000000000000000 |7 0 |9 28036 |a BO |b BO |d 2026-01-24 |i 16960 |l 0 |o VO 2073 |p BO16960 |r 2026-01-24 18:29:21 |w 2026-01-24 |x [Sebina 5] [1 videocassetta] |y VM |z 1 videocassetta | ||
| 981 | 1 | |6 z01 |a b |b xa2e | |
| 982 | 1 | |6 z01 |a g | |
| 999 | |c 23760 |d 23760 | ||